000 00617nam a22002177a 4500
003 UA-OsUOA
001 107914
007 ta
008 20140923b un ||||| |||| 00| 0 ukr d
100 _aЖемчужникова К.
090 _a32
_bЖ53
942 _cSA
040 _aUA-OsUOA
_bukr
_cUA-OsUOA
_dUA-OsUOA
245 _a"Зона" за законом. Що донеччани думають про Закон щодо особливого статусу Донбасу?
300 _aС.5
955 _a0
041 _aukr
080 _a32
773 0 _w107913
650 7 _a32 Політика
_2UDC
999 _c394044
_d394044